SAT Words HARD Click Quiz - S #12 - Daily Word Quiz! - Statistics

General Stats
  • This quiz has been taken 174 times
  • The average score is 11 of 16
Answer Stats
Hint Answer % Correct
Small bag with a shoulder strap, typically made of leather Satchel
95%
The act or chemical process of making soap Saponification
89%
Small, personal seal or engraved emblem used for personal authentication, often found on a ring Signet
87%
Yellowish and pale in complexion Sallow
82%
An unstressed mid-central vowel sound Schwa
72%
Seize or obtain an item skilfully and quickly Snaffle
70%
Having bigoted, narrow-minded views, especially prejudice against outsiders Sectarian
69%
Tacit acceptance or permission of something undesirable, often out of necessity Sufferance
68%
Low-lying, marshy depression or valley often found between hills Swale
67%
Characterized by irritability, ill-temper, or a tendency to anger Splenetic
63%
Having the property of stopping bleeding; astringent Styptic
62%
Sculptor Statuary
60%
Medical conditions or health issues arising after a primary illness Sequela
59%
Facing difficulties or financial constrainments; suffering privation Straitened
48%
Disposed to lethargy, apathy, or indolence; given to listless loafing Supine
48%
Adulterate information or data to manipulate or mislead others Sophisticate
40%
No matching quizzes found
Score Distribution
Percent of People with Each Score
Percentile by Number Answered
Your Score History
You have not taken this quiz